00972nam a2200253 a 450000100060000000300080000600500170001400800410003103500190007204000270009104100080011808200220012610000390014824501220018726000480030930000300035750400310038765000510041870000330046970000380050294200120054099900170055295201490056918270BD-RjUL20211209000248.0140220r19681965enk 000 1 eng d a(BD-RjUL)18328 aDLCbengcDLCdBD-RjUL aeng00a828.809bCAW 19681 aCarroll, Lewis,d1832-1898.95624614aThe works of Lewis Carroll /cedited and introduced by Roger Lancelyn Green ; with the illustrations by John Tenniel. aLondon :bHamlyn,cc1965 [Impression 1968]. a1130 p. :bill. ;c22 cm. aBibliography: p. 1128-1130 1aEnglish prose literaturey19th century.9562471 aGreen, Roger Lancelyn9562481 aTenniel, John,d1820-1914.956249 2ddccBK c18270d18270 00102ddc40718FICaRUCLbRUCLcReadingd1972-02-06eBangladesh Chemicalg16.50l0o828.809 CAW 1968r2014-02-20 00:00:00tC-1w2014-02-20yBK